Prípadové štúdie z rodinného podnikania

Na minha lista:
Detalhes bibliográficos
Autor principal: Krošláková, Monika, 1975-
Autor Corporativo: Ekonomická univerzita v Bratislave. Obchodná fakulta
Outros Autores: Strážovská, Helena, Pachingerová, Mária, Strážovská, Ľubomíra
Formato: Livro
Idioma:eslovaco
Publicado em: Bratislava Vydavateľstvo EKONÓM 2013
Edição:1. vyd.
Assuntos:
Tags: Adicionar Tag
Sem tags, seja o primeiro a adicionar uma tag!

MARC

LEADER 00000nam a2200000 4500
001 0178065
005 20240502073028.5
020 |a 978-80-225-3700-1 
041 0 |a slo 
044 |a SK 
245 1 0 |a Prípadové štúdie z rodinného podnikania  |c Monika Krošláková, Helena Strážovská ; recenzenti: Mária Pachingerová, Ľubomíra Strážovská 
250 |a 1. vyd. 
264 1 |a Bratislava  |b Vydavateľstvo EKONÓM  |c 2013 
300 |a 151 s. [8,53 AH] 
610 2 0 |a podnik rodinný 
610 2 0 |a podnikanie rodinné 
610 2 0 |a etika podnikateľská 
610 2 0 |a prostredie podnikateľské 
610 2 0 |a Európska únia 
610 2 0 |a Česko 
610 2 0 |a USA 
610 2 0 |a Veľká Británia 
610 2 0 |a Čína 
610 2 0 |a Slovensko 
610 2 0 |a legislatíva 
100 1 |a Krošláková, Monika, 1975- 
700 1 |a Strážovská, Helena 
700 1 |a Pachingerová, Mária 
700 1 |a Strážovská, Ľubomíra 
710 2 |a Ekonomická univerzita v Bratislave. Obchodná fakulta